000 00961nam0a22002531 4500
001 rc\1127789
005 20170711134423.0
035 _a(NLR Aleph) 006369779
090 _a4984954
_c4984954
100 _a20041126d1981 u |0rusy50 ca
101 0 _arus
102 _aRU
105 _aa |||||||||
200 1 _aЯдерная энергетика, человек и окружающая среда
_fН.С. Бабаев, В.Ф. Демин, Л.А. Ильин и др.
_gПод ред. А.П. Александрова
210 _aМ.
_cЭнергоиздат
_d1981
215 _a295 с.
_cил.
_d22
701 1 _aБабаев
_bН. С.
_gНиколай Сергеевич
702 1 _aАлександров
_bА. П.
_cд-р физ. мат. наук
_f1903-1994
_gАнатолий Петрович
_3RU\NLR\AUTH\7713330
_4340
801 0 _aRU
_bNLR
_gpsbo
801 1 _aRU
_bELAR
_2rusmarc
852 _aNLR
_j82-5/1862
942 _cBOOK
980 _aNB